| 000 | 00771nam a2200205Ia 4500 | ||
|---|---|---|---|
| 005 | 20240530110940.0 | ||
| 008 | 140319s1936 xx 000 0 ara d | ||
| 040 |
_aGCL / _cGCL |
||
| 082 | 0 | 4 |
_a811.9 / _bح ت |
| 100 | 1 | _aحسين مظلوم رياض | |
| 245 | 1 | 0 |
_aتاريخ ادب الشعب : _bنشاته - تطوراته - اعلامه / _cتاليف حسين مظلوم رياض ، مصطفى محمد الصباحى |
| 260 |
_aالقاهرة : _bمطبعة السعادة ، _c1936 |
||
| 300 |
_a334 ص؛ _c20 سم |
||
| 650 | 0 | 4 | _aالادب |
| 650 | 0 | 4 | _aالادب الشعبى |
| 650 | 0 | 4 | _aالاديان |
| 700 |
_aمصطفى محمد الصباحى _eمؤلف مشارك |
||
| 942 |
_2ddc _cBK |
||
| 999 |
_c66814 _d66814 |
||